[Event "WCO 2016"]
[Site "?"]
[Date "2016.09.13"]
[Round "11"]
[Board "27"]
[WhiteID "3900410"]
[White "Pulvett Marin Daniel"]
[BlackID "2500990"]
[Black "Heidenfeld Mark"]
[Result "1-0"]
[BlackElo "2366"]
[WhiteElo "2434"]
[LiveChessVersion "1.4.8"]

1. d4 {[%clk 1:30:57]} e6 {[%clk 1:30:40]} 2. c4 {[%clk 1:31:20]} d5
{[%clk 1:30:35]} 3. Nc3 {[%clk 1:31:33]} c6 {[%clk 1:30:39]} 4. e3
{[%clk 1:31:26]} Nf6 {[%clk 1:29:53]} 5. Nf3 {[%clk 1:31:48]} Bd6
{[%clk 1:29:12]} 6. Qc2 {[%clk 1:32:08]} Nbd7 {[%clk 1:27:31]} 7. Bd3
{[%clk 1:32:12]} dxc4 {[%clk 1:23:22]} 8. Bxc4 {[%clk 1:32:33]} e5
{[%clk 1:22:45]} 9. O-O {[%clk 1:32:30]} O-O {[%clk 1:21:42]} 10. Bb3
{[%clk 1:32:41]} Qe7 {[%clk 1:13:57]} 11. h3 {[%clk 1:33:02]} c5 {[%clk 0:59:55]}
12. Ng5 {[%clk 1:10:08]} g6 {[%clk 0:47:30]} 13. Nce4 {[%clk 1:08:31]} Kg7
{[%clk 0:45:44]} 14. dxe5 {[%clk 1:02:00]} Bxe5 {[%clk 0:37:16]} 15. f4
{[%clk 1:01:48]} Nxe4 {[%clk 0:34:33]} 16. Nxe4 {[%clk 1:01:40]} Bc7
{[%clk 0:28:14]} 17. Bd2 {[%clk 1:01:38]} f6 {[%clk 0:23:55]} 18. g4
{[%clk 0:58:22]} h6 {[%clk 0:22:43]} 19. a4 {[%clk 0:49:34]} Rb8 {[%clk 0:21:10]}
20. Rae1 {[%clk 0:43:39]} b6 {[%clk 0:11:58]} 21. Bc4 {[%clk 0:40:40]} Re8
{[%clk 0:09:45]} 22. Bd3 {[%clk 0:38:52]} Nf8 {[%clk 0:07:18]} 23. Bc3
{[%clk 0:32:34]} Kf7 {[%clk 0:04:07]} 24. Bxf6 {[%clk 0:31:48]} 1-0

[Event "WCO 2016"]
[Site "?"]
[Date "2016.09.13"]
[Round "11"]
[Board "28"]
[WhiteID "2504243"]
[White "O`Donnell Conor"]
[BlackID "3902498"]
[Black "Romero Barreto Jaime Jose"]
[Result "1-0"]
[BlackElo "2245"]
[WhiteElo "2343"]
[LiveChessVersion "1.4.8"]

1. d4 {[%clk 1:30:56]} Nf6 {[%clk 1:30:49]} 2. c4 {[%clk 1:31:20]} d6
{[%clk 1:31:07]} 3. Nf3 {[%clk 1:31:05]} g6 {[%clk 1:31:31]} 4. Nc3
{[%clk 1:31:21]} Bg7 {[%clk 1:31:55]} 5. g3 {[%clk 1:31:47]} O-O {[%clk 1:31:48]}
6. Bg2 {[%clk 1:32:13]} Nc6 {[%clk 1:30:16]} 7. O-O {[%clk 1:32:33]} a6
{[%clk 1:28:35]} 8. h3 {[%clk 1:30:25]} Rb8 {[%clk 1:10:12]} 9. e4
{[%clk 1:30:05]} Bd7 {[%clk 0:50:55]} 10. e5 {[%clk 1:26:46]} Ne8
{[%clk 0:38:36]} 11. Qe2 {[%clk 1:10:14]} dxe5 {[%clk 0:31:16]} 12. dxe5
{[%clk 1:10:21]} Qc8 {[%clk 0:31:39]} 13. Kh2 {[%clk 1:07:44]} b5
{[%clk 0:28:58]} 14. Re1 {[%clk 0:51:48]} bxc4 {[%clk 0:22:20]} 15. Qxc4
{[%clk 0:51:10]} Nb4 {[%clk 0:21:26]} 16. Bg5 {[%clk 0:41:14]} Be6
{[%clk 0:18:15]} 17. Qe2 {[%clk 0:39:26]} f6 {[%clk 0:12:35]} 18. Bf4
{[%clk 0:37:21]} f5 {[%clk 0:06:49]} 19. Ng5 {[%clk 0:33:36]} c6 {[%clk 0:06:59]}
20. Rac1 {[%clk 0:28:08]} Nc7 {[%clk 0:05:59]} 21. Red1 {[%clk 0:22:39]} h6
{[%clk 0:01:24]} 22. Nxe6 {[%clk 0:22:22]} Qxe6 {[%clk 0:01:38]} 23. a3
{[%clk 0:19:48]} Nbd5 {[%clk 0:02:06]} 24. Nxd5 {[%clk 0:20:05]} Nxd5
{[%clk 0:02:31]} 25. Rxc6 {[%clk 0:17:56]} 1-0

[Event "WCO 2016"]
[Site "?"]
[Date "2016.09.13"]
[Round "11"]
[Board "29"]
[WhiteID "14700077"]
[White "Amonatov Farrukh"]
[BlackID "7100019"]
[Black "Adianto Utut"]
[Result "1/2-1/2"]
[BlackElo "2556"]
[WhiteElo "2610"]
[LiveChessVersion "1.4.8"]

1. e4 {[%clk 1:30:54]} c6 {[%clk 1:30:41]} 2. d4 {[%clk 1:31:16]} d5
{[%clk 1:31:03]} 3. e5 {[%clk 1:31:40]} Bf5 {[%clk 1:31:27]} 4. h4
{[%clk 1:31:50]} h6 {[%clk 1:30:49]} 5. g4 {[%clk 1:31:56]} Bd7 {[%clk 1:30:58]}
6. h5 {[%clk 1:32:02]} e6 {[%clk 1:31:22]} 7. f4 {[%clk 1:32:23]} c5
{[%clk 1:30:02]} 8. c3 {[%clk 1:32:41]} Qb6 {[%clk 1:21:29]} 9. Nf3
{[%clk 1:32:21]} Nc6 {[%clk 1:19:29]} 10. Rh2 {[%clk 1:31:54]} O-O-O
{[%clk 1:16:55]} 11. Be3 {[%clk 1:30:41]} Kb8 {[%clk 1:13:36]} 12. a3
{[%clk 1:26:02]} c4 {[%clk 1:08:38]} 13. Nbd2 {[%clk 1:21:47]} Na5
{[%clk 1:08:20]} 14. Rb1 {[%clk 1:22:04]} Ne7 {[%clk 1:04:30]} 15. Bh3
{[%clk 1:18:50]} Qc7 {[%clk 0:59:01]} 16. Kf2 {[%clk 1:14:42]} Nc8
{[%clk 0:57:10]} 17. Kg1 {[%clk 1:07:29]} Nb6 {[%clk 0:52:45]} 18. Nf1
{[%clk 1:02:34]} Be7 {[%clk 0:50:11]} 19. f5 {[%clk 1:01:04]} Nc6
{[%clk 0:49:11]} 20. Bf4 {[%clk 0:58:46]} Rdg8 {[%clk 0:48:25]} 21. Qd2
{[%clk 0:58:22]} Ka8 {[%clk 0:45:09]} 22. Kh1 {[%clk 0:54:33]} Qd8
{[%clk 0:44:54]} 23. Ne3 {[%clk 0:53:42]} Rf8 {[%clk 0:41:40]} 24. Re1
{[%clk 0:47:48]} Bc8 {[%clk 0:39:01]} 25. Ng2 {[%clk 0:45:23]} a6
{[%clk 0:35:49]} 26. Bg3 {[%clk 0:36:01]} Ka7 {[%clk 0:35:03]} 27. Nf4
{[%clk 0:35:57]} Bg5 {[%clk 0:34:46]} 28. fxe6 {[%clk 0:29:40]} Bxf4
{[%clk 0:34:43]} 29. Qxf4 {[%clk 0:29:33]} Bxe6 {[%clk 0:32:15]} 30. Bh4
{[%clk 0:24:52]} Qd7 {[%clk 0:26:31]} 31. Rf1 {[%clk 0:24:22]} Na4
{[%clk 0:22:25]} 32. Qg3 {[%clk 0:23:25]} Ne7 {[%clk 0:20:14]} 33. Bxe7
{[%clk 0:21:45]} Qxe7 {[%clk 0:20:38]} 34. Nh4 {[%clk 0:21:59]} Qd7
{[%clk 0:15:44]} 35. Rhf2 {[%clk 0:21:15]} Rfg8 {[%clk 0:15:26]} 36. Kh2
{[%clk 0:20:35]} Qd8 {[%clk 0:11:24]} 37. Bg2 {[%clk 0:15:45]} Qd7
{[%clk 0:07:56]} 38. Bf3 {[%clk 0:15:52]} g6 {[%clk 0:07:11]} 39. hxg6
{[%clk 0:15:49]} fxg6 {[%clk 0:07:30]} 40. Bd1 {[%clk 0:46:03]} g5
{[%clk 0:37:52]} 41. Ng2 {[%clk 0:42:18]} Nb6 {[%clk 0:36:09]} 42. Kg1
{[%clk 0:41:38]} Nc8 {[%clk 0:34:02]} 43. Rf6 {[%clk 0:38:17]} Ne7
{[%clk 0:33:42]} 44. R1f2 {[%clk 0:35:53]} h5 {[%clk 0:30:42]} 45. Ne3
{[%clk 0:19:16]} hxg4 {[%clk 0:29:32]} 46. Bxg4 {[%clk 0:19:38]} Bxg4
{[%clk 0:29:16]} 47. Qxg4 {[%clk 0:20:04]} Qd8 {[%clk 0:25:11]} 48. Rf7
{[%clk 0:17:29]} Rg6 {[%clk 0:21:46]} 49. R2f6 {[%clk 0:16:40]} Rxf6
{[%clk 0:21:32]} 50. Rxf6 {[%clk 0:14:42]} Qg8 {[%clk 0:20:06]} 51. Nf1
{[%clk 0:06:51]} Qh7 {[%clk 0:19:01]} 52. e6 {[%clk 0:06:35]} Ng6
{[%clk 0:15:51]} 53. Qxg5 {[%clk 0:06:57]} Rg8 {[%clk 0:12:52]} 54. Ng3
{[%clk 0:04:34]} 1/2-1/2

[Event "WCO 2016"]
[Site "?"]
[Date "2016.09.13"]
[Round "11"]
[Board "30"]
[WhiteID "7105347"]
[White "Taher Yoseph Theolifus"]
[BlackID "14700247"]
[Black "Khusenkhojaev Muhammad"]
[Result "1-0"]
[BlackElo "2436"]
[WhiteElo "2321"]
[LiveChessVersion "1.4.8"]

1. e4 {[%clk 1:30:57]} e5 {[%clk 1:30:35]} 2. Nf3 {[%clk 1:31:24]} Nc6
{[%clk 1:30:57]} 3. d4 {[%clk 1:31:49]} exd4 {[%clk 1:31:16]} 4. Nxd4
{[%clk 1:32:13]} Bc5 {[%clk 1:31:36]} 5. Be3 {[%clk 1:32:26]} Qf6
{[%clk 1:31:51]} 6. c3 {[%clk 1:32:48]} Nge7 {[%clk 1:32:07]} 7. Bc4
{[%clk 1:33:09]} d6 {[%clk 1:30:10]} 8. O-O {[%clk 1:32:52]} Bb6 {[%clk 1:30:25]}
9. Nb5 {[%clk 1:31:43]} Kd8 {[%clk 1:10:05]} 10. Bxb6 {[%clk 1:28:52]} axb6
{[%clk 1:10:30]} 11. f4 {[%clk 1:28:31]} Bd7 {[%clk 1:07:28]} 12. Nd2
{[%clk 1:24:51]} Kc8 {[%clk 1:06:04]} 13. Qe2 {[%clk 1:23:14]} Ng6
{[%clk 1:00:46]} 14. Qf2 {[%clk 1:20:21]} Re8 {[%clk 0:51:59]} 15. Bd3
{[%clk 1:16:18]} Na7 {[%clk 0:42:09]} 16. Nd4 {[%clk 1:13:30]} Kb8
{[%clk 0:42:11]} 17. Nc4 {[%clk 1:11:54]} Nc8 {[%clk 0:29:40]} 18. Ne3
{[%clk 1:03:36]} Bc6 {[%clk 0:29:36]} 19. Qc2 {[%clk 0:52:05]} Nxf4
{[%clk 0:20:09]} 20. g3 {[%clk 0:52:14]} Nh3+ {[%clk 0:20:32]} 21. Kg2
{[%clk 0:52:39]} Qg6 {[%clk 0:19:02]} 22. Nxc6+ {[%clk 0:51:41]} bxc6
{[%clk 0:19:30]} 23. e5 {[%clk 0:51:17]} Qe6 {[%clk 0:17:55]} 24. Bf5
{[%clk 0:47:53]} Qh6 {[%clk 0:17:05]} 25. Bxc8 {[%clk 0:48:07]} Rxc8
{[%clk 0:17:02]} 26. Nf5 {[%clk 0:48:10]} Qh5 {[%clk 0:16:49]} 27. Ne7
{[%clk 0:43:52]} Re8 {[%clk 0:12:56]} 28. Nxc6+ {[%clk 0:44:14]} Kc8
{[%clk 0:13:18]} 29. a4 {[%clk 0:18:52]} Ng5 {[%clk 0:10:20]} 30. h4
{[%clk 0:18:54]} Kb7 {[%clk 0:09:43]} 31. hxg5 {[%clk 0:16:55]} Kxc6
{[%clk 0:10:09]} 32. Qe4+ {[%clk 0:16:54]} d5 {[%clk 0:09:41]} 33. Qe3
{[%clk 0:15:54]} Qg6 {[%clk 0:09:55]} 34. Rf4 {[%clk 0:15:33]} Kb7
{[%clk 0:09:27]} 35. Rd4 {[%clk 0:13:31]} Qc2+ {[%clk 0:08:40]} 36. Kg1
{[%clk 0:13:23]} Qxb2 {[%clk 0:08:34]} 37. Rf1 {[%clk 0:12:21]} Re7
{[%clk 0:06:29]} 38. Rb4 {[%clk 0:12:23]} Qc2 {[%clk 0:06:30]} 39. Qc5
{[%clk 0:12:37]} Rd7 {[%clk 0:04:48]} 40. Qb5 {[%clk 0:35:52]} Rad8
{[%clk 0:31:27]} 41. Qc5 {[%clk 0:30:51]} Qd3 {[%clk 0:24:43]} 42. Rfb1
{[%clk 0:29:56]} Qxg3+ {[%clk 0:22:52]} 43. Kh1 {[%clk 0:29:33]} Qh3+
{[%clk 0:21:54]} 44. Kg1 {[%clk 0:29:54]} Qg3+ {[%clk 0:22:19]} 45. Kh1
{[%clk 0:30:20]} Qf3+ {[%clk 0:22:39]} 46. Kg1 {[%clk 0:30:35]} d4
{[%clk 0:22:40]} 47. Rxb6+ {[%clk 0:30:39]} cxb6 {[%clk 0:23:03]} 48. Qxb6+
{[%clk 0:31:02]} 1-0

[Event "WCO 2016"]
[Site "?"]
[Date "2016.09.13"]
[Round "11"]
[Board "31"]
[WhiteID "14700859"]
[White "Kabilov Amin"]
[BlackID "7100590"]
[Black "Sadikin The Irwanto"]
[Result "0-1"]
[BlackElo "2327"]
[WhiteElo "2150"]
[LiveChessVersion "1.4.8"]

1. e4 {[%clk 1:30:08]} e5 {[%clk 1:30:51]} 2. Nf3 {[%clk 1:30:31]} Nc6
{[%clk 1:31:15]} 3. Bb5 {[%clk 1:28:02]} a6 {[%clk 1:31:38]} 4. Ba4
{[%clk 1:28:30]} Nf6 {[%clk 1:32:01]} 5. O-O {[%clk 1:28:45]} Be7
{[%clk 1:32:23]} 6. d3 {[%clk 1:27:32]} b5 {[%clk 1:32:42]} 7. Bb3
{[%clk 1:28:00]} d6 {[%clk 1:33:05]} 8. c3 {[%clk 1:28:11]} O-O {[%clk 1:33:26]}
9. h3 {[%clk 1:28:20]} Na5 {[%clk 1:30:02]} 10. Bc2 {[%clk 1:28:40]} c5
{[%clk 1:30:27]} 11. Re1 {[%clk 1:26:35]} Bb7 {[%clk 1:30:09]} 12. Nbd2
{[%clk 1:25:23]} Re8 {[%clk 1:30:22]} 13. Nf1 {[%clk 1:20:38]} h6
{[%clk 1:21:45]} 14. Qe2 {[%clk 1:13:03]} Bf8 {[%clk 1:22:02]} 15. Ng3
{[%clk 0:59:01]} d5 {[%clk 1:17:26]} 16. Nh2 {[%clk 0:55:12]} g6 {[%clk 1:11:44]}
17. Bd2 {[%clk 0:47:27]} dxe4 {[%clk 0:36:15]} 18. dxe4 {[%clk 0:46:52]} Nc4
{[%clk 0:36:39]} 19. Bc1 {[%clk 0:46:03]} Qb6 {[%clk 0:36:50]} 20. b3
{[%clk 0:36:46]} Na5 {[%clk 0:36:32]} 21. Be3 {[%clk 0:37:00]} Qe6
{[%clk 0:36:37]} 22. Ng4 {[%clk 0:27:40]} Nxg4 {[%clk 0:36:57]} 23. hxg4
{[%clk 0:28:09]} c4 {[%clk 0:32:33]} 24. b4 {[%clk 0:26:23]} Nc6 {[%clk 0:32:56]}
25. a4 {[%clk 0:21:55]} Red8 {[%clk 0:32:14]} 26. Red1 {[%clk 0:21:53]} Bg7
{[%clk 0:27:39]} 27. axb5 {[%clk 0:18:43]} axb5 {[%clk 0:28:04]} 28. Rxa8
{[%clk 0:18:49]} Rxa8 {[%clk 0:28:20]} 29. Bc5 {[%clk 0:19:07]} Ra2
{[%clk 0:24:08]} 30. Nf1 {[%clk 0:16:47]} Qe8 {[%clk 0:23:44]} 31. Ne3
{[%clk 0:15:26]} Nd8 {[%clk 0:23:53]} 32. Qd2 {[%clk 0:10:52]} Ne6
{[%clk 0:21:47]} 33. Qd7 {[%clk 0:11:05]} Bc6 {[%clk 0:20:07]} 34. Qxe8+
{[%clk 0:06:47]} Bxe8 {[%clk 0:20:27]} 35. Bb1 {[%clk 0:06:34]} Rb2
{[%clk 0:19:42]} 36. Nd5 {[%clk 0:05:06]} Nf4 {[%clk 0:18:36]} 37. g3
{[%clk 0:04:22]} Nxd5 {[%clk 0:18:40]} 38. exd5 {[%clk 0:04:45]} Bd7
{[%clk 0:19:05]} 39. Be4 {[%clk 0:01:45]} f5 {[%clk 0:19:21]} 40. gxf5
{[%clk 0:31:11]} gxf5 {[%clk 0:49:44]} 41. Bg2 {[%clk 0:23:26]} Ra2
{[%clk 0:46:14]} 42. d6 {[%clk 0:17:31]} e4 {[%clk 0:45:27]} 43. g4
{[%clk 0:15:22]} fxg4 {[%clk 0:43:30]} 44. Re1 {[%clk 0:11:34]} Bxc3
{[%clk 0:42:16]} 45. Rxe4 {[%clk 0:11:46]} Bf6 {[%clk 0:42:36]} 46. Re3
{[%clk 0:06:06]} Rd2 {[%clk 0:41:48]} 47. Ra3 {[%clk 0:06:03]} Rd1+
{[%clk 0:42:08]} 48. Bf1 {[%clk 0:05:20]} Kf7 {[%clk 0:42:29]} 49. f4
{[%clk 0:04:22]} c3 {[%clk 0:39:13]} 50. Ra2 {[%clk 0:04:51]} g3 {[%clk 0:39:02]}
51. Ra7 {[%clk 0:04:01]} c2 {[%clk 0:39:10]} 52. Be3 {[%clk 0:00:38]} Ke6
{[%clk 0:38:42]} 53. f5+ {[%clk 0:00:49]} Kxd6 {[%clk 0:38:46]} 54. Bf4+
{[%clk 0:00:42]} Be5 {[%clk 0:36:49]} 55. Ra6+ {[%clk 0:00:39]} Bc6
{[%clk 0:35:00]} 0-1

[Event "WCO 2016"]
[Site "?"]
[Date "2016.09.13"]
[Round "11"]
[Board "32"]
[WhiteID "7104219"]
[White "Pasaribu Ivan Maxmillian Putra"]
[BlackID "14700280"]
[Black "Karimov Alisher"]
[Result "1-0"]
[BlackElo "2119"]
[WhiteElo "1860"]
[LiveChessVersion "1.4.8"]

1. e4 {[%clk 1:30:57]} c5 {[%clk 1:30:43]} 2. Nf3 {[%clk 1:31:04]} e6
{[%clk 1:30:55]} 3. d4 {[%clk 1:31:12]} cxd4 {[%clk 1:31:15]} 4. Nxd4
{[%clk 1:31:39]} a6 {[%clk 1:31:26]} 5. Nc3 {[%clk 1:30:44]} Qc7 {[%clk 1:31:29]}
6. Bd3 {[%clk 1:28:57]} Nc6 {[%clk 1:30:46]} 7. Nb3 {[%clk 1:27:46]} b5
{[%clk 1:29:11]} 8. O-O {[%clk 1:23:00]} Nf6 {[%clk 1:28:54]} 9. f4
{[%clk 1:18:40]} d6 {[%clk 1:27:58]} 10. a3 {[%clk 1:18:53]} Bb7 {[%clk 1:25:30]}
11. Qe2 {[%clk 1:17:16]} Be7 {[%clk 1:23:17]} 12. Bd2 {[%clk 1:16:08]} Nd7
{[%clk 1:15:33]} 13. Rae1 {[%clk 1:04:53]} Nc5 {[%clk 1:08:37]} 14. Qg4
{[%clk 0:48:46]} Nxb3 {[%clk 1:05:07]} 15. cxb3 {[%clk 0:49:08]} g6
{[%clk 0:53:02]} 16. Bb1 {[%clk 0:38:15]} Qd7 {[%clk 0:47:17]} 17. Be3
{[%clk 0:30:00]} O-O-O {[%clk 0:30:34]} 18. Bb6 {[%clk 0:25:04]} Rdg8
{[%clk 0:30:04]} 19. b4 {[%clk 0:23:43]} Bd8 {[%clk 0:28:24]} 20. Be3
{[%clk 0:21:25]} Kb8 {[%clk 0:16:26]} 21. Qe2 {[%clk 0:17:08]} d5
{[%clk 0:09:16]} 22. exd5 {[%clk 0:04:48]} exd5 {[%clk 0:09:44]} 23. Bc5
{[%clk 0:05:11]} Bc7 {[%clk 0:04:40]} 24. a4 {[%clk 0:01:42]} bxa4
{[%clk 0:03:09]} 25. b5 {[%clk 0:01:15]} axb5 {[%clk 0:03:24]} 26. Nxb5
{[%clk 0:01:37]} Re8 {[%clk 0:01:24]} 27. Qf2 {[%clk 0:01:44]} Ba6
{[%clk 0:00:48]} 28. Bd3 {[%clk 0:00:51]} Rxe1 {[%clk 0:00:49]} 29. Rxe1
{[%clk 0:01:20]} Ba5 {[%clk 0:01:05]} 30. Rc1 {[%clk 0:01:02]} Rc8
{[%clk 0:01:03]} 31. Bf1 {[%clk 0:01:02]} Nd8 {[%clk 0:00:37]} 32. Bd6+
{[%clk 0:01:06]} Ka8 {[%clk 0:00:46]} 33. Rxc8+ {[%clk 0:00:52]} Bxc8
{[%clk 0:01:15]} 34. Bc7 {[%clk 0:00:46]} Qxc7 {[%clk 0:00:40]} 35. Nxc7+
{[%clk 0:01:14]} Bxc7 {[%clk 0:01:09]} 36. Qc5 {[%clk 0:01:20]} Ne6
{[%clk 0:00:43]} 37. Qc6+ {[%clk 0:00:46]} Kb8 {[%clk 0:00:44]} 38. Qxa4
{[%clk 0:00:35]} Nxf4 {[%clk 0:00:47]} 39. Ba6 {[%clk 0:00:47]} Bb6+
{[%clk 0:00:39]} 40. Kf1 {[%clk 0:31:06]} Bxa6+ {[%clk 0:30:44]} 41. Qxa6
{[%clk 0:31:32]} Kc7 {[%clk 0:30:22]} 42. Qb5 {[%clk 0:27:00]} Bd4
{[%clk 0:21:30]} 43. b4 {[%clk 0:21:35]} Be5 {[%clk 0:11:50]} 44. g3
{[%clk 0:21:25]} Ne6 {[%clk 0:12:13]} 45. Qxd5 {[%clk 0:21:47]} Bd6
{[%clk 0:09:33]} 46. b5 {[%clk 0:21:50]} Kd7 {[%clk 0:09:52]} 47. b6
{[%clk 0:22:03]} Nd8 {[%clk 0:06:59]} 48. b7 {[%clk 0:22:20]} Nc6
{[%clk 0:07:04]} 49. Qxf7+ {[%clk 0:22:30]} Be7 {[%clk 0:07:04]} 50. Qxh7
{[%clk 0:22:35]} Kc7 {[%clk 0:07:26]} 51. Qxg6 {[%clk 0:22:47]} Kxb7
{[%clk 0:07:43]} 52. h4 {[%clk 0:23:12]} Kc7 {[%clk 0:07:46]} 53. h5
{[%clk 0:23:37]} 1-0

[Event "WCO 2016"]
[Site "?"]
[Date "2016.09.13"]
[Round "11"]
[Board "29"]
[WhiteID "6101623"]
[White "Ampie Mauro"]
[BlackID "6500374"]
[Black "Minero Pineda Sergio"]
[Result "1/2-1/2"]
[BlackElo "2391"]
[WhiteElo "2348"]
[LiveChessVersion "1.4.8"]

1. e4 {[%clk 1:30:57]} e6 {[%clk 1:30:47]} 2. Nc3 {[%clk 1:31:21]} d5
{[%clk 1:31:01]} 3. d4 {[%clk 1:31:46]} Nf6 {[%clk 1:31:14]} 4. Bg5
{[%clk 1:32:11]} dxe4 {[%clk 1:31:08]} 5. Nxe4 {[%clk 1:32:34]} Be7
{[%clk 1:31:34]} 6. Bxf6 {[%clk 1:32:48]} gxf6 {[%clk 1:31:56]} 7. Nf3
{[%clk 1:33:12]} f5 {[%clk 1:31:47]} 8. Nc3 {[%clk 1:33:34]} a6 {[%clk 1:31:39]}
9. Qe2 {[%clk 1:31:58]} b5 {[%clk 1:30:34]} 10. O-O-O {[%clk 1:32:22]} b4
{[%clk 1:30:30]} 11. Na4 {[%clk 1:32:47]} Qd5 {[%clk 1:30:28]} 12. c4
{[%clk 1:30:04]} Qa5 {[%clk 1:30:49]} 13. b3 {[%clk 1:25:24]} Bd7
{[%clk 1:30:23]} 14. Nc5 {[%clk 1:15:53]} Bxc5 {[%clk 1:28:53]} 15. dxc5
{[%clk 1:15:45]} Nc6 {[%clk 1:28:46]} 16. Ng5 {[%clk 1:09:52]} Rd8
{[%clk 1:28:54]} 17. Nxf7 {[%clk 0:48:43]} Kxf7 {[%clk 1:29:12]} 18. Qh5+
{[%clk 0:49:11]} Ke7 {[%clk 0:48:07]} 19. Qh4+ {[%clk 0:39:45]} Kf7
{[%clk 0:48:30]} 20. Qh5+ {[%clk 0:39:07]} Ke7 {[%clk 0:48:52]} 21. Qg5+
{[%clk 0:39:19]} Kf7 {[%clk 0:49:17]} 22. Qh5+ {[%clk 0:34:30]} 1/2-1/2

[Event "WCO 2016"]
[Site "?"]
[Date "2016.09.13"]
[Round "11"]
[Board "30"]
[WhiteID "6500170"]
[White "Gonzalez Acosta Bernal"]
[BlackID "6100465"]
[Black "Pineda Juan Jose"]
[Result "1-0"]
[BlackElo "2175"]
[WhiteElo "2481"]
[LiveChessVersion "1.4.8"]

1. d4 {[%clk 1:30:56]} Nf6 {[%clk 1:30:52]} 2. Bg5 {[%clk 1:31:23]} Ne4
{[%clk 1:29:59]} 3. Bf4 {[%clk 1:31:49]} d5 {[%clk 1:30:20]} 4. e3
{[%clk 1:32:15]} e6 {[%clk 1:30:31]} 5. Bd3 {[%clk 1:32:41]} Bd6 {[%clk 1:30:01]}
6. Ne2 {[%clk 1:20:49]} Nd7 {[%clk 1:27:02]} 7. c4 {[%clk 1:15:25]} O-O
{[%clk 1:23:04]} 8. O-O {[%clk 1:05:28]} Bxf4 {[%clk 1:18:42]} 9. Nxf4
{[%clk 1:05:52]} c6 {[%clk 1:19:02]} 10. Bxe4 {[%clk 1:04:52]} dxe4
{[%clk 1:19:18]} 11. Qc2 {[%clk 0:59:33]} g5 {[%clk 1:18:44]} 12. Ne2
{[%clk 1:00:00]} f5 {[%clk 1:19:04]} 13. Nbc3 {[%clk 0:59:21]} Nf6
{[%clk 1:17:01]} 14. Rad1 {[%clk 0:55:52]} Qe8 {[%clk 1:17:11]} 15. d5
{[%clk 0:51:36]} Qh5 {[%clk 1:12:57]} 16. dxc6 {[%clk 0:43:37]} bxc6
{[%clk 1:12:49]} 17. Ng3 {[%clk 0:39:41]} Qh4 {[%clk 1:11:40]} 18. Qe2
{[%clk 0:37:45]} Ng4 {[%clk 1:08:17]} 19. h3 {[%clk 0:38:12]} Ne5
{[%clk 1:08:27]} 20. b3 {[%clk 0:34:38]} g4 {[%clk 1:08:39]} 21. Rd6
{[%clk 0:32:53]} Nf3+ {[%clk 0:52:14]} 22. Kh1 {[%clk 0:33:19]} Rf6
{[%clk 0:52:36]} 23. Rd8+ {[%clk 0:29:23]} Kf7 {[%clk 0:45:43]} 24. Rfd1
{[%clk 0:29:50]} Rh6 {[%clk 0:45:41]} 25. Ncxe4 {[%clk 0:25:34]} fxe4
{[%clk 0:44:48]} 26. Nxe4 {[%clk 0:24:53]} Ng5 {[%clk 0:20:18]} 27. Nd6+
{[%clk 0:24:46]} Ke7 {[%clk 0:19:15]} 28. Re8+ {[%clk 0:14:22]} Kf6
{[%clk 0:17:40]} 29. Qb2+ {[%clk 0:14:17]} Kg6 {[%clk 0:17:25]} 30. Rg8+
{[%clk 0:11:14]} Kh5 {[%clk 0:17:18]} 31. Nxc8 {[%clk 0:04:57]} gxh3
{[%clk 0:16:16]} 32. Qe2+ {[%clk 0:04:42]} Qg4 {[%clk 0:15:47]} 33. Qxg4+
{[%clk 0:04:40]} Kxg4 {[%clk 0:16:06]} 34. Rd4+ {[%clk 0:04:19]} Kh5
{[%clk 0:12:36]} 35. g3 {[%clk 0:04:42]} Nf3 {[%clk 0:12:45]} 36. Rh4+
{[%clk 0:05:04]} 1-0

[Event "WCO 2016"]
[Site "?"]
[Date "2016.09.13"]
[Round "11"]
[Board "31"]
[WhiteID "6100678"]
[White "Ortiz Marcos"]
[BlackID "6500331"]
[Black "Valdes Romero Leonardo"]
[Result "0-1"]
[BlackElo "2387"]
[WhiteElo "2219"]
[LiveChessVersion "1.4.8"]

1. e4 {[%clk 1:30:55]} e5 {[%clk 1:30:53]} 2. Nf3 {[%clk 1:31:15]} Nf6
{[%clk 1:31:17]} 3. Nxe5 {[%clk 1:31:31]} d6 {[%clk 1:31:43]} 4. Nf3
{[%clk 1:31:49]} Nxe4 {[%clk 1:32:09]} 5. Qe2 {[%clk 1:32:09]} Qe7
{[%clk 1:32:22]} 6. d3 {[%clk 1:32:26]} Nf6 {[%clk 1:32:48]} 7. Bg5
{[%clk 1:32:46]} Nbd7 {[%clk 1:33:13]} 8. Nc3 {[%clk 1:32:34]} Qxe2+
{[%clk 1:33:35]} 9. Bxe2 {[%clk 1:32:44]} h6 {[%clk 1:34:01]} 10. Bf4
{[%clk 1:28:07]} Nb6 {[%clk 1:34:14]} 11. h3 {[%clk 1:27:09]} Bd7
{[%clk 1:34:16]} 12. a4 {[%clk 1:24:24]} a6 {[%clk 1:31:04]} 13. a5
{[%clk 1:23:33]} Nbd5 {[%clk 1:30:24]} 14. Nxd5 {[%clk 1:23:54]} Nxd5
{[%clk 1:30:49]} 15. Bd2 {[%clk 1:24:12]} g6 {[%clk 1:25:37]} 16. c4
{[%clk 1:22:50]} Nf6 {[%clk 1:25:56]} 17. Bc3 {[%clk 1:23:13]} Bg7
{[%clk 1:26:20]} 18. O-O {[%clk 1:17:54]} O-O {[%clk 1:22:31]} 19. Nd2
{[%clk 1:17:17]} Bc6 {[%clk 1:20:09]} 20. Nb3 {[%clk 1:05:38]} Rfe8
{[%clk 1:13:34]} 21. Rfe1 {[%clk 1:05:58]} Nd7 {[%clk 1:03:35]} 22. Nd4
{[%clk 0:55:41]} Nc5 {[%clk 1:00:52]} 23. Nxc6 {[%clk 0:54:56]} bxc6
{[%clk 0:58:36]} 24. Rad1 {[%clk 0:23:16]} Rab8 {[%clk 0:49:38]} 25. d4
{[%clk 0:08:15]} Nb3 {[%clk 0:47:47]} 26. c5 {[%clk 0:06:48]} dxc5
{[%clk 0:44:36]} 27. dxc5 {[%clk 0:07:12]} Bxc3 {[%clk 0:34:25]} 28. bxc3
{[%clk 0:07:38]} Nxc5 {[%clk 0:34:52]} 29. Bf3 {[%clk 0:05:25]} Rxe1+
{[%clk 0:30:06]} 30. Rxe1 {[%clk 0:05:51]} Rb5 {[%clk 0:30:32]} 31. Re7
{[%clk 0:06:17]} Ne6 {[%clk 0:28:57]} 32. Bxc6 {[%clk 0:05:33]} Rxa5
{[%clk 0:25:57]} 33. Bd7 {[%clk 0:03:28]} Ng7 {[%clk 0:23:05]} 34. Bc8
{[%clk 0:01:49]} Rc5 {[%clk 0:23:01]} 35. Bxa6 {[%clk 0:02:10]} Rxc3
{[%clk 0:23:26]} 36. Bb7 {[%clk 0:01:17]} Nf5 {[%clk 0:18:31]} 37. Re8+
{[%clk 0:00:40]} Kg7 {[%clk 0:18:55]} 38. Re2 {[%clk 0:00:33]} Rc5
{[%clk 0:16:57]} 39. Rd2 {[%clk 0:00:34]} Nd6 {[%clk 0:16:51]} 40. Bf3
{[%clk 0:30:38]} Rc1+ {[%clk 0:47:13]} 41. Kh2 {[%clk 0:30:55]} Kf6
{[%clk 0:47:25]} 42. g4 {[%clk 0:26:30]} Rc3 {[%clk 0:46:44]} 43. Bg2
{[%clk 0:26:38]} g5 {[%clk 0:46:35]} 44. Rd5 {[%clk 0:24:45]} Ke6
{[%clk 0:44:52]} 45. h4 {[%clk 0:16:40]} Kf6 {[%clk 0:40:23]} 46. hxg5+
{[%clk 0:14:57]} hxg5 {[%clk 0:40:48]} 47. Ra5 {[%clk 0:15:15]} c5
{[%clk 0:36:40]} 48. Ra8 {[%clk 0:12:45]} Ke5 {[%clk 0:33:51]} 49. Ra6
{[%clk 0:07:46]} c4 {[%clk 0:26:08]} 50. Ra5+ {[%clk 0:08:03]} Kf4
{[%clk 0:26:10]} 51. Rd5 {[%clk 0:08:29]} Rd3 {[%clk 0:26:16]} 52. Rc5
{[%clk 0:08:27]} Kxg4 {[%clk 0:25:52]} 53. Bf1 {[%clk 0:06:10]} Rd4
{[%clk 0:24:18]} 54. Rc7 {[%clk 0:05:21]} f5 {[%clk 0:24:13]} 55. Kg2
{[%clk 0:03:06]} Kf4 {[%clk 0:24:29]} 56. Rc5 {[%clk 0:03:09]} Rd2
{[%clk 0:24:12]} 57. Rc6 {[%clk 0:02:53]} Ne4 {[%clk 0:23:55]} 58. Rxc4
{[%clk 0:03:07]} Rxf2+ {[%clk 0:24:12]} 59. Kg1 {[%clk 0:03:32]} Rd2
{[%clk 0:24:19]} 60. Bg2 {[%clk 0:02:58]} Kg3 {[%clk 0:24:22]} 61. Bf1
{[%clk 0:02:41]} Rd1 {[%clk 0:24:09]} 0-1